ARRUPE JESUIT UNIVERSITY

CORONAVIRUS -STOP THE SPREAD - CLEAN,DISINFECT,COVER

Last Steps (Record no. 120412)

MARC details
000 -LEADER
fixed length control field 00388nam a22001337a 4500
008 - FIXED-LENGTH DATA ELEMENTS--GENERAL INFORMATION
fixed length control field 140411b xxu||||| |||| 00| 0 eng d
020 ## - INTERNATIONAL STANDARD BOOK NUMBER
International Standard Book Number 9780141191195
050 ## - LIBRARY OF CONGRESS CALL NUMBER
Classification number PG3365.P231
100 ## - MAIN ENTRY--PERSONAL NAME
Personal name Tolstoy, Leo
9 (RLIN) 9894
245 ## - TITLE STATEMENT
Title Last Steps
Remainder of title the late writings of Leo Tolstoy
Statement of responsibility, etc Leo Tolstoy
260 ## - PUBLICATION, DISTRIBUTION, ETC. (IMPRINT)
Place of publication, distribution, etc London
Name of publisher, distributor, etc Penguin Books
Date of publication, distribution, etc 2009
300 ## - PHYSICAL DESCRIPTION
Extent xxv, 336p. ;
Dimensions 20cm.
942 ## - ADDED ENTRY ELEMENTS (KOHA)
Source of classification or shelving scheme Library of Congress Classification
Item type Monograph ( Printed materials)
Holdings
Withdrawn status Lost status Source of classification or shelving scheme Damaged status Not for loan Collection code Home library Current library Shelving location Date acquired Total Checkouts Full call number Barcode Date last seen Price effective from Koha item type
    Library of Congress Classification     Main Collection ARRUPE LIBRARY ARRUPE LIBRARY Main Collection 11/04/2014   PG3365.P231 46500001686 04/04/2019 11/04/2014 Monograph ( Printed materials)

 

Arrupe Library. PO Box MP320 Mt Pleasant, Harare, Zimbabwe
263 242 745411|librarian@aju.ac.zw